| 000 | 01547cam a2200325 a 4500 | ||
|---|---|---|---|
| 003 | OSt | ||
| 005 | 20200904122115.0 | ||
| 008 | 970915s2009 ck ad 0 spa d | ||
| 015 | _aSSS | ||
| 020 | _a9789587191981 | ||
| 040 |
_aCO-BoPUJ _cCO-JMCR |
||
| 041 | 0 | _aspa | |
| 082 | 0 | 4 |
_a344.0189 / _bO775c _223 |
| 100 | 1 |
_aOrtiz Palacios, Iván David _d1963-2008 _eautor _99811 |
|
| 245 | 1 | 0 |
_aConflicto y resolución en el mundo laboral / _cIván David Ortiz Palacios ; prólogo Jorge Ignacio Salcedo Galán ; palabras de inicio Jeritza Merchán Díaz |
| 250 | _aPrimera edición | ||
| 260 |
_aBogotá : _bUniversidad Nacional de Colombia, _c2009. |
||
| 300 |
_a175 páginas : _bilustraciones, cuadros y diagramas ; _c23 cm. |
||
| 504 | _aIncluye referencias bibliográficas (p. 171-176). | ||
| 505 | 0 | _aPolifonías y visiones sobre el conflicto. -- El conflicto laboral-panorámica. -- Conflicto laboral - manifestaciones actuales. -- Conflicto laboral. -- Apuntes jurídicos para el caso colombiano. | |
| 650 | 1 | 4 |
_aConflictos laborales _99812 |
| 650 | 2 | 4 |
_aNegociaciones colectivas de trabajo _99813 |
| 650 | 2 | 4 |
_aSolución de conflictos _99814 |
| 650 | 2 | 4 |
_aDerecho laboral _94458 |
| 700 | 1 |
_aSalcedo Galán, Jorge Ignacio _eprologuista _99815 |
|
| 700 | 1 |
_aMerchán Díaz, Jeritza _eprologuista _99816 |
|
| 942 |
_2ddc _cBK |
||
| 999 |
_c6817 _d6817 |
||